000 00553nam a22001937a 4500
005 20170814152327.0
010 _aENG-119768
020 _c750.00
_a9789389393293
035 _aEN-103300
037 _bDBAD/PUB
082 _a786.93
100 _aDwivedi, Om
245 _aJugalbandi /
_cby Om Dwivedi
260 _aAllahabad
_bSanket Prakashan
_c2016
270 _bAllahabad
_a5, Upendra Nath Ashk Marg, Old Khusro Bhag Road
_e211001
300 _av,296p. :
_c22cm(Hb)
_bill.
700 _aMashhadi, Zakia
942 _cEN
_h786.93
_mDWI
_2lcc
999 _c143361
_d143361